| 000 | 00815cad a22002175a 4500 | ||
|---|---|---|---|
| 001 | L153593 | ||
| 008 | 110808s2011 xxk 000 0 eng d | ||
| 035 | _a(Sirsi) u153593 | ||
| 041 | 0 | _aeng | |
| 100 | 1 | _aWhatling, Arthur | |
| 245 | 0 | 2 | _aA new edition for 2011 |
| 260 | _c2011 | ||
| 490 | 0 |
_aRICS Commercial Property Journal _vMay-June 2011, 16-17(2) |
|
| 520 | _aTakes a further look at the changes made in the 7th edition of the "RICS Valuation Standards" with effect from 2 May 2011. Covers the future of the format, the revision of the standards on conduct and ethics, and the UK residential property standards. | ||
| 590 | _aKA | ||
| 650 | 2 | 4 | _aRICS VALUATION STANDARDS |
| 651 | 4 |
_aUnited Kingdom _y |
|
| 651 | 4 | _aInternational | |
| 690 | _aPROPERTY-PROPERTY VALUATION AND APPRAISAL | ||
| 942 | _n0 | ||
| 999 |
_c83332 _d83332 |
||